[Event "Match"]
[Site "www.echecsemail.com"]
[Date "2015.05.10"]
[Round "1"]
[White "Matuisgman"]
[Black "Xandersonx"]
[WhiteElo "1319"]
[BlackElo "1859"]
[Result "0-1"]
[Round "1"]
1.g4 d5
2.b4 e5
3.Bf1g2 Bc8xg4
4.Bc1b2 f6
5.Nb1c3 c6
6.a3 a5
7.Nc3a2 axb4
8.axb4 Nb8a6
9.h3 Bg4e6
10.c3 Bf8d6
11.d4 e4
12.e3 f5
13.h4 g6
14.f3 g5
15.Ng1h3 g4
16.Nh3g5 Be6d7
17.Ke2 h6
18.Ng5h3 gxh3
19.Bg2xh3 Qd8xh4
20.Bb2c1 exf3
21.Kxf3 Qh4e4
22.Ke2 O-O-O
23.Bc1a3 Rd8e8
24.Rh1f1 Qe4xe3

0-1

[Event "Match"]
[Site "www.echecsemail.com"]
[Date "2015.05.10"]
[Round "1"]
[White "Rindrandria"]
[Black "Ranjachess"]
[WhiteElo "1550"]
[BlackElo "1700"]
[Result "1-0"]
[Round "1"]
1.c4 Nb8c6
2.Qd1a4 d6
3.d4 Bc8d7
4.Ng1f3 Nc6xd4
5.Qa4d1 Nd4xf3
6.exf3 e5
7.f4 e4
8.f3 Qd8e7
9.fxe4 Qe7xe4
10.Qd1e2 f5
11.Nb1d2 Qe4e6
12.b4 O-O-O
13.Bc1b2 Rd8e8
14.Qe2xe6 Re8xe6
15.Bf1e2 Bd7c6
16.Rh1g1 Ng8f6
17.h3 Nf6e4
18.O-O-O Rh8g8
19.g4 g6
20.Bb2d4 b6
21.c5 b5
22.gxf5 Ne4c3
23.fxe6 Nc3xe2
24.Kb2 Ne2xd4
25.Rd1e1 Bf8g7
26.Kb1 dxc5
27.bxc5 b4
28.Rg1g3 Bg7h6
29.Rg3d3 Nd4b5
30.Nd2c4 Bh6xf4
31.Nc4a5 Nb5c3
32.Rd3xc3 bxc3
33.Na5xc6 Bf4d2
34.Re1e2 Rg8e8
35.Nc6xa7 Kb7
36.Na7b5 Kc6
37.a4 Re8e7
38.Kc2 g5
39.Nb5xc3 Bd2xc3
40.Kxc3 Kxc5
41.Re2e5 Kb6
42.Kc4 c5
43.Kd5 Kc7
44.Kxc5 h6
45.a5 Kd8
46.Kd6 Ke8
47.Re5b5 Re7xe6
48.Kxe6 Kf8
49.Rb5b7 h5
50.a6 g4
51.a7 gxh3
52.a8R 
1-0

[Event "Match"]
[Site "www.echecsemail.com"]
[Date "2015.05.10"]
[Round "1"]
[White "Manolinex"]
[Black "Roqueur"]
[WhiteElo "2700"]
[BlackElo "2630"]
[Result "1/2-1/2"]
[Round "1"]
1.e4 c5
2.Ng1f3 d6
3.d4 cxd4
4.Nf3xd4 Ng8f6
5.Nb1c3 a6
6.Bc1g5 e6
7.f4 Qd8b6
8.Qd1d2 Qb6xb2
9.Ra1b1 Qb2a3
10.f5 Nb8c6
11.fxe6 fxe6
12.Nd4xc6 bxc6
13.Bf1e2 Bf8e7
14.O-O O-O
15.Rb1b3 Qa3c5
16.Bg5e3 Qc5e5
17.Be3f4 Qe5c5
18.Bf4e3 Qc5e5
19.Be3f4 { draw }
1/2-1/2

[Event "Match"]
[Site "www.echecsemail.com"]
[Date "2015.05.10"]
[Round "1"]
[White "Tenzinnima"]
[Black "Jasmartin"]
[WhiteElo "2260"]
[BlackElo "1700"]
[Result "0-1"]
[Round "1"]
1.Ng1f3 g6
2.e4 Bf8g7
3.d4 d6
4.Bf1c4 e6
5.O-O Ng8f6
6.Bc1g5 c6
7.d5 b5
8.Bc4b3 Bc8d7
9.dxe6 fxe6
10.e5 dxe5
11.Nf3xe5 Qd8e7
12.Nb1c3 a5
13.Nc3e4 O-O
14.a4 Qe7e8
15.Ne4c5 Nf6d5
16.Rf1e1 h6
 { time }
0-1

[Event "Finale"]
[Site "www.chess-mail.com"]
[Date "2015.05.10"]
[Round "1"]
[White "Conde7"]
[Black "Maxiboi"]
[WhiteElo "2840"]
[BlackElo "2840"]
[Result "1/2-1/2"]
[Round "1"]
1.e4 c5
2.Ng1f3 d6
3.Bf1b5 Bc8d7
4.Bb5xd7 Qd8xd7
5.d4 cxd4
6.Qd1xd4 Nb8c6
7.Qd4d3 g6
8.O-O Bf8g7
9.Nb1c3 Ng8f6
10.h3 O-O
11.Bc1g5 Rf8c8
12.Ra1d1 Nf6h5
13.a3 Qd7e8
14.Rf1e1 Bg7xc3
15.Qd3xc3 Nc6e5
16.Qc3b3 Ne5xf3
17.Qb3xf3 Rc8xc2
18.e5 dxe5
19.Qf3xb7 Ra8b8
20.Qb7xe7 Qe8xe7
21.Bg5xe7 f6
{ draw }
1/2-1/2

[Event "1/128 Finale"]
[Site "www.chess-mail.com"]
[Date "2015.05.10"]
[Round "1"]
[White "Attatroll"]
[Black "Derfel83"]
[WhiteElo "1860"]
[BlackElo "1820"]
[Result "0-1"]
[Round "1"]
1.e4 e6
2.b4 d5
3.Nb1c3 Bf8xb4
4.Bc1b2 Qd8f6
5.Nc3xd5 Qf6xb2
6.Nd5xc7 Kd8
7.Nc7xa8 Qb2d4
8.Qd1e2 Qd4xa1
9.Qe2d1 Qa1d4
10.c3 Qd4xe4
11.Bf1e2 Bb4d6
12.Ng1f3 b6
13.Na8xb6 axb6
14.O-O Ng8f6
15.Rf1e1 Bc8d7
16.Nf3g5 Bd6xh2
17.Kh1 Qe4g6
18.Ng5f3 Bh2d6
19.Be2c4 Qg6h5
20.Kg1 Bd7c6
21.d4 Bc6xf3
22.gxf3 Rh8e8
23.d5 Qh5h2
24.Kf1 Qh2h1
25.Ke2 exd5
26.Kd2 Bd6f4
{ resign }
0-1

[Event "Eq:chibcha-Equipo Juan Diaz : "]
[Site "www.chess-mail.com"]
[Date "2015.05.10"]
[Round "1"]
[White "Naujzaid"]
[Black "Karlgrocer"]
[WhiteElo "2120"]
[BlackElo "1920"]
[Result "0-1"]
[Round "1"]
1.d4 Ng8f6
2.c4 e6
3.Nb1c3 Bf8e7
4.Ng1f3 O-O
5.e3 c6
6.Bf1d3 d5
7.cxd5 cxd5
8.O-O a6
9.Nf3e5 Nb8d7
10.f4 Nd7xe5
11.fxe5 Nf6e8
12.Qd1h5 g6
13.Qh5h6 Be7g5
14.Qh6h3 Ne8g7
15.g4 f5
16.exf6 Bg5xf6
17.Bc1d2 e5
18.dxe5 Bf6xe5
19.Rf1xf8 Qd8xf8
20.Nc3xd5 Bc8e6
21.Nd5c3 Ra8d8
22.e4 Be6xg4
23.Qh3xg4 Rd8xd3
24.Bd2h6 Be5d4
25.Kg2 Qf8f2
26.Kh1 Qf2f7
27.Nc3d5 Rd3f3
28.Qg4c8 Ng7e8
29.Qc8c1 Rf3f2
30.Qc1d1 Bd4e5
{ resign }
0-1

[Event "Eq:Los Tercios-Equipo Juan Diaz : "]
[Site "www.chess-mail.com"]
[Date "2015.05.10"]
[Round "1"]
[White "Astigitana"]
[Black "Gorgo"]
[WhiteElo "2460"]
[BlackElo "2290"]
[Result "0-1"]
[Round "1"]
1.d4 Ng8f6
2.c4 e6
3.Nb1c3 Bf8b4
4.Qd1c2 O-O
5.a3 Bb4xc3
6.Qc2xc3 d6
7.Bc1g5 Nb8d7
8.e3 b6
9.Bf1d3 Bc8b7
10.f3 h6
11.Bg5h4 e5
12.Ng1e2 g5
13.Bh4g3 e4
14.fxe4 Nf6xe4
15.Bd3xe4 Bb7xe4
16.O-O h5
17.h3 h4
18.Bg3h2 Qd8e7
19.d5 b5
20.cxb5 Nd7b6
21.Ra1d1 Nb6xd5
22.Qc3b3 Be4xg2
23.Rd1xd5 Bg2xf1
24.Kxf1 Ra8e8
25.Ne2d4 Qe7xe3
26.Qb3xe3 Re8xe3
27.Rd5xg5 { time. }
0-1

[Event "Eq:Slap Shot Mates-Equipo Juan Diaz : "]
[Site "www.chess-mail.com"]
[Date "2015.05.10"]
[Round "1"]
[White "Jpmartinez"]
[Black "Astigitana"]
[WhiteElo "2560"]
[BlackElo "2460"]
[Result "1-0"]
[Round "1"]
1.c4 Ng8f6
2.Nb1c3 d5
3.cxd5 Nf6xd5
4.g3 e6
5.Bf1g2 Bf8e7
6.Qd1b3 Nd5b6
7.Ng1f3 O-O
{ time. }
1-0

[Event "Fast Game"]
[Site "www.echecsemail.com"]
[Date "2015.05.10"]
[Round "1"]
[White "E4player"]
[Black "Neverless"]
[WhiteElo "2099"]
[BlackElo "2250"]
[Result "0-1"]
[Round "1"]
1.e4 c5
2.Ng1f3 d6
3.d4 cxd4
4.Nf3xd4 Ng8f6
5.Nb1c3 a6
6.h3 e6
7.Bc1e3 Nb8c6
8.a3 Bf8e7
9.Bf1e2 O-O
10.O-O Qd8c7
11.f4 Bc8d7
12.Nd4b3 b5
13.Be2f3 Ra8b8
14.Qd1e1 a5
15.Qe1f2 a4
16.Nb3d2 e5
17.Bf3e2 exf4
18.Qf2xf4 Nc6e5
19.Qf4g3 Bd7c6
20.Be3d4 Rf8e8
21.Rf1f2 b4
22.axb4 Rb8xb4
23.Qg3e3 h6
24.Ra1f1 Be7d8
25.b3 axb3
26.Nd2xb3 Qc7b7
27.Rf2f4 Qb7b8
28.Nc3a2 Rb4b7
29.Na2c3 Re8e6
30.Rf4f5 Rb7b4
31.Rf1d1 Ne5d7
32.Be2f3 d5
33.e5 Bd8c7
34.Bd4a7 Qb8a8
35.Ba7d4 Qa8e8
36.Bf3e2 Nd7xe5
37.Nb3c5 Re6e7
38.Qe3f2 Ne5d7
39.Nc5b3 Re7e6
40.Kh1 Qe8e7
41.Rd1f1 Qe7d6
42.Qf2g1 Rb4xb3
43.cxb3 Nf6e4
44.Nc3xe4 Re6xe4
45.Rf5xf7 Re4xd4
46.Rf7xg7 Kxg7
47.Qg1xd4 Nd7f6
48.g3 Bc6d7
49.Be2g4 Bd7b5
50.Rf1f5 Bb5e8
51.Rf5f4 Qd6e7
52.Rf4f1 Be8g6
53.Bg4f3 Bc7xg3
54.Bf3xd5 Bg3e5
55.Rf1e1 Be5xd4
56.Re1xe7 Kf8
57.Re7e6 Bg6f5
58.Bd5c4 Bf5xe6
59.Bc4xe6 Nf6h5
60.b4 Ke7
61.Be6c4 Nh5f4
62.Bc4f1 Ke6
63.Kh2 Bd4f2
64.Bf1c4 Ke5
65.Bc4f1 Kd4
66.b5 Kc5
67.Kh1 h5
68.Kh2 h4
69.Kh1 Bf2e3
70.Kh2 Be3d4
71.Kh1 Kb4
72.Kh2 Kc3
73.Bf1g2 Kd2
74.Bg2e4 Ke2
75.Be4f5 Kf1
76.Kh1 Bd4g1
77.Bf5g4 Nf4d3
78.Bg4e2 Kxe2
79.Kxg1 Kf3
80.Kf1 Kg3
81.Ke2 Nd3f4
82.Ke3 Nf4d5
83.Kd4 Nd5b6
84.Kc5 Nb6c8
 { time }
0-1

[Event "Tourn. n8044"]
[Site "www.chess-mail.com"]
[Date "2015.07.20"]
[Round "1"]
[White "Hundegana"]
[Black "Groz"]
[WhiteElo "1920"]
[BlackElo "1809"]
[Result "0-1"]
[Round "1"]
1.e4 g6
2.Bf1c4 Bf8g7
3.d4 e6
4.e5 Ng8e7
5.Nb1c3 d6
6.Ng1f3 Nb8c6
7.Bc1f4 O-O
8.O-O a6
9.a3 d5
10.Bc4a2 f6
11.Rf1e1 fxe5
12.Nf3xe5 Nc6xe5
13.Bf4xe5 Ne7c6
14.Be5xg7 Kxg7
15.f3 Qd8f6
16.Nc3e2 Bc8d7
17.c3 Nc6e7
18.Ne2g3 Ne7f5
19.Ng3xf5 Qf6xf5
20.Re1e2 Rf8f6
21.Ba2b1 Qf5h5
22.Re2e5 Qh5h6
23.Bb1d3 Ra8f8
24.Qd1e2 Kh8
25.Ra1f1 Qh6f4
26.g3 Qf4h6
27.Rf1f2 c6
28.h4 Qh6g7
29.Kg2 a5
30.g4 Rf6f4
31.Kg3 Rf4f7
32.c4 Rf7f6
33.cxd5 cxd5
34.Bd3b5 Rf6f4
35.Bb5xd7 Qg7xd7
36.Re5xe6 Rf4xd4
37.Qe2e5 Qd7g7
38.Qe5xg7 Kxg7
39.Rf2e2 Rd4d3
40.Re6e7 Rf8f7
41.Re7xf7 Kxf7
42.Kf4 b5
43.g5 b4
44.axb4 axb4
45.Kg4 Rd3d4
46.f4 Rd4c4
47.Kf3 d4
48.Ke4 d3
49.Kxd3 Rc4xf4
50.Re2h2 Ke6
51.Ke3 Kf5
52.b3 Rf4f1
53.Kd4 Rf1c1
54.Kd3 Rc1c3
55.Kd4 Rc3xb3
56.Kc4 Rb3b1
57.h5 Kxg5
58.hxg6 hxg6
59.Rh2g2 Kf6
60.Rg2f2 Kg7
61.Rf2g2 b3
62.Kc3 Rb1d1
63.Kxb3 Rd1d5
64.Kc4 Rd5a5
65.Kd4 g5
66.Ke4 Kg6
67.Kf3 Ra5a4
68.Kg3 Ra4b4
69.Kf3 Kf5
70.Ke3 g4
71.Rg2f2 Kg5
72.Rf2g2 Rb4b3
73.Kf2 Rb3b2
74.Kf1 Rb2b1
75.Kf2 Kf4
76.Rg2g1 g3
77.Kg2 Rb1b2
78.Kf1 Kf3
79.Rg1xg3 Kxg3
80.Ke1 Kf3
81.Kd1 Rb2h2
82.Kc1 Ke3
83.Kb1 Kd3
84.Ka1 Kc3
85.Kb1 Rh2g2
86.Ka1 Kb3
{ resign }
0-1

[Event "Tourn. n8044"]
[Site "www.chess-mail.com"]
[Date "2015.07.20"]
[Round "1"]
[White "Samael"]
[Black "Groz"]
[WhiteElo "2090"]
[BlackElo "1809"]
[Result "1-0"]
[Round "1"]
1.c4 g6
2.d4 Bf8g7
3.Ng1f3 e6
4.e3 Ng8e7
5.Bf1e2 a6
6.Nb1c3 O-O
7.O-O d5
8.Bc1d2 dxc4
9.Be2xc4 b5
10.Bc4d3 Bc8b7
11.a3 Nb8c6
12.Ra1c1 e5
13.Bd3e4 exd4
14.exd4 Nc6a5
15.Be4xb7 Na5xb7
16.Nc3e2 c5
17.b3 cxd4
18.Bd2b4 Rf8e8
19.Ne2xd4 Qd8d7
20.Nd4c2 Qd7g4
21.Nc2e3 Qg4e6
22.Rf1e1 Ra8d8
23.Qd1c2 Rd8c8
24.Qc2b1 Rc8xc1
25.Re1xc1 Re8c8
26.Rc1xc8 Ne7xc8
27.Qb1d3 Bg7f8
28.Bb4xf8 Kxf8
29.Qd3d5 Qe6xd5
30.Ne3xd5 Nb7c5
31.Nf3d4 Nc8d6
32.Nd5c7 a5
33.b4 axb4
34.axb4 Nc5d3
35.Nc7xb5 Nd6xb5
36.Nd4xb5 Nd3xb4
37.Kf1 Nb4d3
38.Ke2 Nd3f4
39.Kf3 Nf4e6
40.Ke4 Kg7
41.f4 Ne6c5
42.Kd5 Nc5d3
43.Ke4 Nd3c5
44.Kf3 Nc5e6
45.g4 Ne6c5
46.h4 h6
47.Nb5d4 Nc5d7
48.Ke4 Nd7f6
49.Kf3 Nf6e8
50.f5 Ne8f6
51.g5 hxg5
{ time. }
1-0

[Event "Tourn. n8280"]
[Site "www.chess-mail.com"]
[Date "2015.07.20"]
[Round "1"]
[White "Fred59"]
[Black "Gatrooper"]
[WhiteElo "999"]
[BlackElo "1200"]
[Result "0-1"]
[Round "1"]
1.d4 d5
2.c4 dxc4
3.a4 h6
4.e4 e6
5.Bf1xc4 Bf8b4
6.Nb1c3 Nb8c6
7.Ng1e2 Bb4xc3
 { time }
0-1

[Event "Tourn. n8275"]
[Site "www.chess-mail.com"]
[Date "2015.07.20"]
[Round "1"]
[White "Passaroa25"]
[Black "Iko"]
[WhiteElo "1550"]
[BlackElo "1480"]
[Result "1-0"]
[Round "1"]
1.e4 e5
2.Ng1e2 Ng8f6
3.Ne2g3 d5
4.d3 d4
5.Bf1e2 Nf6g4
6.Be2xg4 Nb8c6
7.O-O Qd8h4
8.Ng3f5 Bc8xf5
9.Bg4xf5 h5
10.Nb1d2 Qh4g5
11.Nd2f3 Qg5f6
12.Bc1g5 Qf6d6
13.Bg5h4 Qd6c5
14.Nf3d2 Rh8h6
15.Nd2b3 Nc6b4
16.Nb3xc5 Bf8xc5
17.Bh4g5 Rh6a6
18.Qd1xh5 Nb4xa2
19.Qh5h8 Bc5f8
20.b3 Na2b4
21.Ra1xa6 bxa6
22.Rf1c1 Nb4a2
23.Rc1a1 Na2c3
24.Kf1 g6
25.Bf5g4 Ra8b8
26.Qh8xe5 Bf8e7
27.Qe5xe7 
1-0

[Event "Tourn. n8226"]
[Site "www.chess-mail.com"]
[Date "2015.07.20"]
[Round "1"]
[White "Karkaskat"]
[Black "Nimzo"]
[WhiteElo "2380"]
[BlackElo "2720"]
[Result "0-1"]
[Round "1"]
1.e4 e6
2.d4 d5
3.e5 c5
4.c3 Nb8c6
5.Ng1f3 Qd8b6
6.Bf1e2 cxd4
7.cxd4 Ng8h6
8.b3 Bf8b4
9.Kf1 O-O
10.g3 f6
11.exf6 e5
12.fxg7 Bc8h3
13.Kg1 Kxg7
14.dxe5 Qb6xf2
15.Kxf2 Nh6g4
16.Kg1 Bb4c5
{ resign }
0-1

[Event "Tourn. n8249"]
[Site "www.chess-mail.com"]
[Date "2015.07.20"]
[Round "1"]
[White "Luban"]
[Black "Amaya"]
[WhiteElo "2040"]
[BlackElo "1920"]
[Result "1-0"]
[Round "1"]
1.d4 Ng8f6
2.c4 g6
3.Nb1c3 Bf8g7
4.e3 O-O
5.Ng1f3 b6
6.Bf1d3 Bc8b7
7.O-O d6
8.Rf1e1 Nb8d7
9.e4 e5
10.d5 Nd7c5
11.b4 Nc5xd3
12.Qd1xd3 a5
13.b5 Nf6d7
14.a4 Nd7c5
15.Qd3c2 Bb7c8
16.h3 Bc8d7
17.Bc1a3 Qd8c8
18.Kh2 Bg7h6
19.Ba3xc5 bxc5
20.Re1h1 f5
21.exf5 Bd7xf5
22.Qc2e2 e4
23.Nc3xe4 Rf8e8
24.Ne4f6 Kf7
25.Nf6xe8 Qc8xe8
26.Qe2xe8 Ra8xe8
27.Rh1e1 Bf5e4
28.Kg3 Bh6g7
29.Nf3g5 Kg8
30.Ra1d1 Bg7e5
31.f4 Be5d4
32.Re1xe4 { resign }
1-0

[Event "Tourn. n8280"]
[Site "www.chess-mail.com"]
[Date "2015.07.20"]
[Round "1"]
[White "Gatrooper"]
[Black "A27l"]
[WhiteElo "1200"]
[BlackElo "1130"]
[Result "1-0"]
[Round "1"]
1.e4 e5
2.a3 d6
3.d3 Ng8f6
4.h3 g6
5.Ng1f3 Bf8g7
6.Nb1c3 c6
7.Bc1g5 O-O
8.h4 Nb8d7
9.Bg5xf6 Nd7xf6
10.d4 exd4
11.Nf3xd4 Bc8e6
{ time. }
1-0

[Event "Tourn. n8129"]
[Site "www.chess-mail.com"]
[Date "2015.07.20"]
[Round "1"]
[White "Seger"]
[Black "Roqueur"]
[WhiteElo "2690"]
[BlackElo "2590"]
[Result "1-0"]
[Round "1"]
1.d4 Ng8f6
2.g3 g6
3.Ng1f3 Bf8g7
4.Bf1g2 O-O
5.c4 d6
6.O-O Nb8c6
7.Nb1c3 a6
8.Qd1d3 Bc8d7
9.e4 Bd7g4
10.d5 Bg4xf3
11.Qd3xf3 Nc6d4
12.Qf3d1 c5
13.dxc6 Nd4xc6
14.Bc1e3 Nf6d7
15.Ra1c1 Qd8a5
16.f4 Ra8d8
17.Rf1f2 Rf8e8
18.a3 e6
19.Rf2d2 Qa5c7
20.b4 Nd7b6
21.Nc3d5 exd5
22.cxd5 Nb6xd5
23.Rd2xd5 Bg7b2
24.Rc1b1 Bb2xa3
25.Qd1a4 Nc6xb4
26.Rb1xb4 Ba3xb4
27.Qa4xb4 b5
28.Qb4d4 a5
29.Bg2f1 b4
30.Bf1b5 Re8e6
31.Bb5d3 Re6e8
32.Kg2 Rd8b8
33.f5 Qc7c3
34.Rd5xa5 Qc3xd4
35.Be3xd4 b3
36.Bd4b2 Rb8a8
37.Ra5b5 Re8b8
38.Rb5xb8 Ra8xb8
39.Kf3 Rb8a8
40.Bd3b1 Ra8e8
41.Kf4 Re8e7
42.g4 Re7e8
43.h4 Re8a8
44.f6 Ra8a5
45.Ke3 d5
46.e5 Ra5a4
47.Kf3 Kf8
48.h5 Ra4a6
49.Bb2d4 Ra6a4
50.Ke3 b2
51.Bd4xb2 Ra4xg4
52.hxg6 hxg6
53.Bb1a2 Rg4g3
54.Kd4 Rg3g2
55.Bb2a3 Kg8
56.Ba2xd5 Rg2g4
57.Kc5 Rg4a4
58.Ba3b4 Ra4a1
59.e6 fxe6
60.Bd5xe6 Kh7
61.f7 Kg7
62.Bb4c3 Kf8
63.Bc3xa1 g5
64.Kd6 g4
65.Ba1e5 g3
66.Be5xg3 Kg7
67.Bg3f4 Kf6
68.f8Q Kg6
{ time. }
1-0

[Event "Tourn. n8220"]
[Site "www.chess-mail.com"]
[Date "2015.07.20"]
[Round "1"]
[White "Francesco"]
[Black "Duff"]
[WhiteElo "2080"]
[BlackElo "1910"]
[Result "1-0"]
[Round "1"]
1.e4 e5
2.Ng1f3 Nb8c6
3.Bf1c4 Ng8f6
4.Nb1c3 Bf8c5
5.O-O d6
6.d3 h6
7.Nc3d5 Bc8g4
8.h3 Bg4h5
9.c3 O-O
10.Bc1e3 Bc5b6
11.Nd5xb6 axb6
12.a3 Nc6a5
13.Bc4a2 c5
14.g4 Bh5g6
15.Nf3h4  { time }
1-0

[Event "Tourn. n8154"]
[Site "www.chess-mail.com"]
[Date "2015.07.20"]
[Round "1"]
[White "Hundegana"]
[Black "Hrob71"]
[WhiteElo "2000"]
[BlackElo "2050"]
[Result "0-1"]
[Round "1"]
1.e4 e5
2.Ng1f3 Nb8c6
3.c3 Ng8f6
4.Bf1d3 Bf8c5
5.b4 Bc5d6
6.O-O a6
7.Rf1e1 O-O
8.h3 Rf8e8
9.a3 Bd6f8
10.Bd3c4 h6
11.d3 d6
12.Qd1b3 Bc8e6
13.Bc4xe6 Re8xe6
14.Bc1e3 d5
15.exd5 Nf6xd5
16.Be3c5 Nd5f4
17.d4 e4
18.Nf3h2 Qd8g5
19.g4 Nf4xh3
20.Kg2 Nh3f4
21.Kh1 Qg5h4
22.Ra1a2 Nf4d3
23.Re1f1 Re6f6
24.d5 Nc6e5
25.Qb3d1 Ne5f3
26.Qd1xf3 exf3
27.Bc5d4 Rf6g6
28.Ra2d2 Nd3f4
29.Rf1g1 Nf4g2
30.Bd4e5 Bf8d6
31.Be5g3 Bd6xg3
32.fxg3 Qh4h3
33.Rd2f2 Rg6xg4
34.Rf2xf3 Rg4xg3
35.Rf3xg3 Qh3xg3
36.Rg1xg2 Qg3e1
37.Rg2g1 Qe1e4
38.Rg1g2 Qe4xb1
39.Rg2g1 Qb1e4
40.Rg1g2 Qe4xd5
41.Nh2f1 Ra8e8
42.Nf1g3 Re8e1
43.Kh2 h5
44.Kh3 h4
45.c4 Qd5xc4
46.a4 hxg3
47.Rg2xg3 Qc4e6
48.Kh2 Qe6h6
49.Kg2 Qh6h1
50.Kf2 Qh1f1
{ resign }
0-1

[Event "Tourn. n8117"]
[Site "www.chess-mail.com"]
[Date "2015.07.20"]
[Round "1"]
[White "Blackpool"]
[Black "Falcoale"]
[WhiteElo "1940"]
[BlackElo "1940"]
[Result "1-0"]
[Round "1"]
1.c4 c5
2.Nb1c3 e6
3.Ng1f3 Nb8c6
4.d4 cxd4
5.Nf3xd4 a6
6.a3 Ng8f6
7.e4 Nc6e5
8.Bf1e2 b6
9.O-O Bc8b7
10.Qd1c2 Bf8e7
11.f4 Ne5c6
12.Nd4xc6 Bb7xc6
13.e5 Nf6g8
14.Be2f3 Ng8h6
15.Bf3xc6 dxc6
16.Rf1d1 Qd8c7
17.Bc1e3 Nh6f5
18.Be3f2 O-O
19.Nc3e4 Ra8d8
20.c5 b5
21.Ne4d6 Be7xd6
22.cxd6 Qc7d7
23.Ra1c1 Nf5h6
24.Qc2xc6 Nh6f5
25.Bf2b6 Qd7xc6
26.Rc1xc6 Rd8b8
27.d7 Rb8xb6
28.Rc6xb6 { resign }
1-0

[Event "Tourn. n8117"]
[Site "www.chess-mail.com"]
[Date "2015.07.20"]
[Round "1"]
[White "Falcoale"]
[Black "Awfen"]
[WhiteElo "1940"]
[BlackElo "1950"]
[Result "0-1"]
[Round "1"]
1.e4 Nb8c6
2.d4 e6
3.Ng1f3 Bf8b4
4.c3 Bb4a5
5.Nb1d2 Nc6e7
6.Nd2b3 Ba5b6
7.Bc1e3 Ng8f6
8.Bf1d3 O-O
9.O-O Ne7g6
10.Nf3d2 d6
11.f4 e5
12.fxe5 dxe5
13.Rf1e1 exd4
14.Nb3xd4 Ng6e5
15.Bd3c2 Bc8g4
16.Qd1b1 Rf8e8
17.a4 c5
18.Nd4f3 Ne5xf3
19.Nd2xf3 Bg4h5
20.Re1f1 Bh5g6
21.Be3g5 c4
22.Nf3d4 Bb6xd4
23.cxd4 Qd8xd4
24.Kh1 Nf6xe4
25.Qb1c1 Ne4f2
26.Rf1xf2 Qd4xf2
27.Bc2xg6 hxg6
28.Qc1g1 Qf2xb2
29.Bg5h4 c3
30.Bh4g3 Ra8c8
31.Bg3d6 c2
32.Bd6f4 f6
33.Qg1c1 Qb2xc1
34.Ra1xc1 Re8d8
35.h3 Rd8d1
36.Kh2 Rc8c3
{ resign }
0-1

[Event "Tourn. n8304"]
[Site "www.chess-mail.com"]
[Date "2015.07.20"]
[Round "1"]
[White "Vitoriccardo"]
[Black "Bojan"]
[WhiteElo "1710"]
[BlackElo "1890"]
[Result "0-1"]
[Round "1"]
1.e4 e5
2.Ng1f3 d6
3.d4 exd4
4.Bf1c4 Bf8e7
5.Nf3xd4 Be7f6
6.c3 Bc8d7
7.O-O Ng8e7
8.Nb1d2 Nb8c6
9.Nd2f3 Ne7g6
10.Bc1f4 Ng6xf4
11.Nd4f5 Bd7xf5
12.exf5 Nc6e5
13.Nf3xe5 dxe5
14.Qd1f3 c6
15.Ra1d1 Qd8c8
16.g3 Nf4d5
17.Bc4xd5 cxd5
18.Rd1xd5 O-O
19.Rf1d1 Qc8c6
20.Qf3d3 h6
21.Rd5d6 Qc6a4
22.Qd3e2 Qa4xa2
23.Qe2g4 Ra8d8
24.Rd6xd8 Rf8xd8
25.Rd1xd8 Bf6xd8
26.Qg4e2 Qa2b1
27.Kg2 Qb1xf5
28.Qe2d2 Bd8b6
29.b3 e4
30.b4 Qf5e5
31.c4 Qe5d4
32.Qd2xd4 Bb6xd4
33.Kf1 a6
34.Ke2 Bd4c3
35.b5 Bc3d4
36.f3 exf3
37.Kxf3 a5
38.Ke4 Bd4c5
39.Kd3 a4
40.Kc3 f5
{ resign }
0-1

[Event "Tourn. n8279"]
[Site "www.chess-mail.com"]
[Date "2015.07.20"]
[Round "1"]
[White "Cirederf"]
[Black "Culiflori"]
[WhiteElo "999"]
[BlackElo "999"]
[Result "0-1"]
[Round "1"]
1.d4 Ng8f6
2.Ng1f3 d5
3.Bc1f4 Nb8c6
4.e3 Bc8g4
5.Bf1e2 e6
6.O-O Bf8d6
7.Nf3e5 Bg4xe2
 { time }
0-1

[Event "Tourn. n8279"]
[Site "www.chess-mail.com"]
[Date "2015.07.20"]
[Round "1"]
[White "Cheminet"]
[Black "Cirederf"]
[WhiteElo "1420"]
[BlackElo "999"]
[Result "1-0"]
[Round "1"]
1.d4 f5
2.c4 Ng8f6
3.Bc1g5 e6
4.e3 Bf8e7
5.Ng1f3 O-O
6.Nb1c3 Nb8c6
7.Bf1d3  { time }
1-0

[Event "Tourn. n8084"]
[Site "www.chess-mail.com"]
[Date "2015.07.20"]
[Round "1"]
[White "Generalfree"]
[Black "Johnmcbride"]
[WhiteElo "1820"]
[BlackElo "1760"]
[Result "1-0"]
[Round "1"]
1.e4 e5
2.Ng1f3 d6
3.Bf1c4 c6
4.h3 b5
5.Bc4e2 h6
6.b3 Ng8f6
7.d4 Bf8e7
8.Be2d3 O-O
9.dxe5 dxe5
10.Nf3xe5 a6
11.Bc1b2 Be7b4
12.Bb2c3 Qd8d6
13.f4 Ra8a7
14.Qd1d2 a5
15.O-O a4
16.Bc3xb4 c5
17.Bb4c3 b4
18.Bc3b2 a3
19.Bb2c1 Qd6d4
20.Qd2e3 Qd4xa1
21.Qe3xc5 Ra7b7
22.Bc1e3 Rf8d8
23.c3 Nb8a6
24.Bd3xa6 Nf6d7
25.Qc5e7 Rd8f8
26.Ba6xb7 Bc8xb7
27.Ne5xd7 Rf8c8
28.Qe7xb4 Qa1xa2
29.Qb4xb7 Rc8e8
30.Nd7e5 Qa2e2
31.Qb7xf7 Kh7
32.Qf7g6 Kh8
33.Qg6xe8 Kh7
34.Nb1xa3 Qe2xe3
35.Kh2 Qe3e2
36.f5 Qe2xf1
37.Qe8g6 Kh8
38.Ne5f7 Kg8
39.Nf7xh6 Kh8
40.Nh6f7 Kg8
41.Nf7h6 Kh8
42.Qg6g5 gxh6
43.Qg5xh6 Kg8
44.f6 Kf7
45.Qh6g7 { resign }
1-0

[Event "Tourn. n8299"]
[Site "www.chess-mail.com"]
[Date "2015.07.20"]
[Round "1"]
[White "Bojan"]
[Black "Amaya"]
[WhiteElo "1890"]
[BlackElo "1920"]
[Result "1-0"]
[Round "1"]
1.e4 e6
2.e5 d5
3.c4 c6
4.d4 dxc4
5.Bf1xc4 Ng8e7
6.Ng1f3 Ne7d5
7.Bc1d2 Bf8e7
8.Nb1c3 O-O
9.Nc3e4 Nb8d7
10.a3 Nd7b6
11.Bc4a2 Bc8d7
12.b4 a6
13.Ne4c5 Ra8b8
14.Qd1c2 Bd7e8
15.h4 h6
16.g3 Qd8c8
17.Ba2b1 f6
18.Qc2h7 Kf7
19.Bb1g6 { resign }
1-0

[Event "Tourn. n8267"]
[Site "www.chess-mail.com"]
[Date "2015.07.20"]
[Round "1"]
[White "Guidom"]
[Black "Faerieking"]
[WhiteElo "2070"]
[BlackElo "2180"]
[Result "0-1"]
[Round "1"]
1.e4 e5
2.Ng1f3 Nb8c6
3.Bf1b5 Bf8c5
4.O-O Qd8f6
5.Bb5xc6 dxc6
6.d3 Bc8g4
7.Nb1d2 g5
8.h3 Bg4d7
9.Nd2c4 g4
10.Nf3xe5 gxh3
11.g3 h5
12.Kh2 Bd7e6
13.f4 O-O-O
14.Bc1e3 Bc5xe3
15.Nc4xe3 Ng8h6
16.Qd1e2 Rd8g8
17.Rf1f3 Nh6g4
18.Ne3xg4 Be6xg4
19.Ne5xg4 Rg8xg4
20.c3 h4
21.Ra1g1 Rh8g8
22.f5 Qf6g7
23.Qe2f2 Qg7e5
24.Kxh3 Qe5h8
25.Kg2 hxg3
26.Qf2e3 Qh8h2
27.Kf1 Qh2xb2
28.Rg1xg3 Qb2b1
29.Kg2 Qb1xa2
30.Qe3f2 Qa2xf2
31.Kxf2 Rg4xg3
32.Rf3xg3 Rg8xg3
33.Kxg3 a5
34.e5 Kd7
{ resign }
0-1

[Event "Tourn. n8271"]
[Site "www.chess-mail.com"]
[Date "2015.07.20"]
[Round "1"]
[White "Jpmartinez"]
[Black "T9l9"]
[WhiteElo "2590"]
[BlackElo "2410"]
[Result "0-1"]
[Round "1"]
1.e4 e6
2.d4 d5
3.Nb1d2 Ng8f6
4.Bf1d3 c5
5.c3 Nb8c6
6.Ng1f3 Bf8e7
7.O-O O-O
8.e5 Nf6d7
9.Rf1e1 f6
10.exf6 Nd7xf6
11.Nd2f1 { time. }
0-1

[Event "Tourn. n8271"]
[Site "www.chess-mail.com"]
[Date "2015.07.20"]
[Round "1"]
[White "Nimzo"]
[Black "Jpmartinez"]
[WhiteElo "2720"]
[BlackElo "2590"]
[Result "1-0"]
[Round "1"]
1.d4 d5
2.c4 e6
3.Ng1f3 c6
4.e3 Ng8f6
5.Bf1d3 Nb8d7
6.O-O Bf8d6
7.Nb1d2 O-O
8.e4 e5
9.cxd5 cxd5
10.Rf1e1 Rf8e8
11.exd5 exd4
12.Re1xe8 { resign }
1-0

[Event "Tourn. n8273"]
[Site "www.chess-mail.com"]
[Date "2015.07.20"]
[Round "1"]
[White "Guidom"]
[Black "Julianlore"]
[WhiteElo "2070"]
[BlackElo "2180"]
[Result "0-1"]
[Round "1"]
1.e4 c5
2.Ng1f3 Nb8c6
3.c4 e6
4.Nb1c3 Ng8f6
5.d3 d5
6.exd5 exd5
7.Bc1g5 Bf8e7
8.Bf1e2 Bc8e6
9.O-O O-O
10.a3 h6
11.Bg5h4 g5
12.Bh4g3 d4
13.Nc3b1 Nf6h5
14.Nb1d2 g4
15.Nf3e5 Nh5xg3
16.Ne5xc6 Ng3xe2
17.Qd1xe2 bxc6
18.Nd2e4 Rf8e8
19.Qe2d2 Kg7
20.Qd2f4 Qd8b8
21.Qf4d2 f5
22.Ne4g3 Be7g5
23.Qd2c2 Kg6
24.Rf1e1 h5
25.Ng3f1 a5
26.a4 Qb8b4
27.g3 Ra8b8
28.Ra1b1 Qb4b3
{ resign }
0-1

[Event "Tourn. n8273"]
[Site "www.chess-mail.com"]
[Date "2015.07.20"]
[Round "1"]
[White "Samael"]
[Black "Julianlore"]
[WhiteElo "2160"]
[BlackElo "2180"]
[Result "0-1"]
[Round "1"]
1.e4 c5
2.Ng1f3 Nb8c6
3.Nb1c3 e6
4.d3 d6
5.a3 Ng8f6
6.Bf1e2 Bf8e7
7.O-O O-O
8.Bc1d2 b6
9.h3 Bc8b7
 { time }
0-1

[Event "Tourn. n8089"]
[Site "www.chess-mail.com"]
[Date "2015.07.20"]
[Round "1"]
[White "Emmanuelasi"]
[Black "Aperturaf"]
[WhiteElo "2320"]
[BlackElo "2410"]
[Result "0-1"]
[Round "1"]
1.e4 e6
2.d4 d5
3.Nb1d2 Ng8f6
4.e5 Nf6d7
5.Bf1d3 c5
6.c3 Nb8c6
7.Nd2f3 Qd8a5
8.Kf1 Bf8e7
9.Ng1e2 O-O
10.Ne2f4 b5
11.Kg1 b4
12.Bc1d2 Qa5b6
13.Bd2e3 bxc3
14.bxc3 Bc8a6
15.h4 Ba6xd3
16.Qd1xd3 Qb6b2
17.Kh2 c4
18.Qd3d2 Ra8b8
19.Rh1d1 h6
20.h5 a6
21.g4 Rb8b7
22.Kg2 Rf8b8
23.Qd2xb2 Rb7xb2
24.Kg3 Be7d8
25.Rd1c1 Bd8a5
26.Kg2 Rb8b7
27.Kg3 Nd7b6
28.Nf3d2 Nc6xd4
29.Be3xd4 Rb2xd2
30.Rc1b1 Rd2c2
31.Rb1c1 { time. }
0-1